Top Cigar Brands - Statistics

General Stats
  • This quiz has been taken 23 times
  • The average score is 5 of 23
Answer Stats
Answer % Correct
Cohiba
68%
Montecristo
68%
Davidoff
63%
Macanudo
42%
Oliva
37%
Romeo y Julieta
32%
ACID
26%
Perdomo
26%
Arturo Fuente
21%
Punch
21%
Rocky Patel
21%
AJ Fernandez
16%
CAO
16%
Ashton
11%
AVO
11%
Nub
11%
Padron
11%
Swisher Sweets
11%
Backwoods
5%
Alec Bradley
0%
Don Rafael
0%
Gurkha
0%
Victor Sinclair
0%
No matching quizzes found
Score Distribution
Percent of People with Each Score
Percentile by Number Answered
Your Score History
You have not taken this quiz